000
00198nam a2200073Ia 4500
008
170817s9999 xx 000 0 und d
100
_a
POONAM MADAN
245
0
_a
SHIKSHA KE DARSNIK EVAM SAMAJSASTRIYA ADHAR
260
_b
AGARWAL PUB .
999
_c
39907
_d
39907